| 000 | 01370cam a22003615a 4500 | ||
|---|---|---|---|
| 001 | 2544388 | ||
| 003 | EG-ScBUE | ||
| 005 | 20220901131136.0 | ||
| 008 | 950803r20121995enka f b 001 0 eng d | ||
| 020 | _a0500278199 | ||
| 020 | _a9780500278192 | ||
| 040 |
_aDLC _beng _erda _cDLC _dDLC _dEG-ScBUE |
||
| 082 | 0 | 4 |
_a712.09 _222 _bJEL |
| 100 | 1 |
_aJellicoe, Geoffrey, Alan, _d1900- _eauthor. _939707 |
|
| 245 | 1 | 4 |
_aThe landscape of man : _bshaping the environment from prehistory to the present day / _cGeoffrey and Susan Jellicoe. |
| 250 |
_aThird edition, _bexpanded and updated. |
||
| 250 | _aReprinted edition. | ||
| 264 | 1 |
_aLondon : _bThames and Hudson Ltd, _c2012. |
|
| 300 |
_a408 pages : _billustrations ; _c29 cm |
||
| 336 |
_2rdacontent _atext _btxt |
||
| 337 |
_2rdamedia _aunmediated _bn |
||
| 338 |
_2rdacarrier _avolume _bnc |
||
| 504 | _aIncludes bibliographical references and index. | ||
| 650 | 7 |
_aLandscape architecture _xHistory. _2BUEsh _939708 |
|
| 650 | 7 |
_aNature _xEffect of human beings on _xHistory. _2BUEsh _939709 |
|
| 651 | _2BUEsh | ||
| 653 |
_bENGARC _cMarch2016 |
||
| 655 |
_vReading book _934232 |
||
| 700 | 1 |
_aJellicoe, Susan, _eauthor. _939707 |
|
| 906 |
_a7 _bcbc _corignew _d2 _eopcn _f19 _gy-gencatlg |
||
| 942 |
_2ddc _cBB |
||
| 999 |
_c21538 _d21510 |
||